Capitals of UEFA Euro 2020 Teams - Statistics

General Stats
  • This quiz has been taken 51 times
  • The average score is 20 of 24
Answer Stats
Country Answer % Correct
Italy Rome
97%
Switzerland Bern
92%
Wales London
92%
England London
92%
Scotland London
92%
Spain Madrid
90%
Netherlands Amsterdam
87%
Turkey Ankara
87%
Russia Moscow
87%
France Paris
87%
Belgium Brussels
85%
Ukraine Kiev
85%
Austria Vienna
85%
Germany Berlin
82%
Portugal Lisbon
82%
Croatia Zagreb
82%
Denmark Copenhagen
79%
Czech Republic Prague
79%
Sweden Stockholm
79%
Poland Warsaw
79%
Hungary Budapest
77%
Finland Helsinki
74%
Slovakia Bratislava
59%
North Macedonia Skopje
54%
No matching quizzes found
Score Distribution
Percent of People with Each Score
Percentile by Number Answered
Your Score History
You have not taken this quiz